Hry NIM a ich počítačová realizácia vo Visual Basic for Applications diplomová práca

Na minha lista:
Detalhes bibliográficos
Autor principal: Makúchová, Adriána
Autor Corporativo: Fakulta hospodárskej informatiky EU. Katedra matematiky a aktuárstva
Outros Autores: Fecenko, Jozef
Formato: Livro
Idioma:eslovaco
Publicado em: Bratislava 2020
Tags: Adicionar Tag
Sem tags, seja o primeiro a adicionar uma tag!

MARC

LEADER 00000nbm a2200000 4500
001 0266845
005 20210505120409.1
041 0 |a slo 
044 |a SK 
245 1 0 |a Hry NIM a ich počítačová realizácia vo Visual Basic for Applications  |b diplomová práca  |c Adriána Makúchová ; školiteľ: Jozef Fecenko 
264 1 |a Bratislava  |c 2020 
300 |a 61 s. 
100 1 |a Makúchová, Adriána 
700 1 |a Fecenko, Jozef 
710 2 |a Fakulta hospodárskej informatiky EU. Katedra matematiky a aktuárstva